000 00492nam a2200157 i 4500
001 31291
003 ES-MaACL
005 20230906154343.0
007 t|
008 030128s1978 sp ||||1| spa d
100 1 _aBenavides Gómez, Domingo.
_927457
245 1 0 _aDemocracia y cristianismo en la España de la Restauración
_b: 1875-1931 /
_cDomingo Benavides Gómez.
260 _aMadrid :
_bEditora Nacional,
_c[1978]
300 _a391 p. ;
_c22 cm.
852 _aES-MaACL
_jA-9505
_bR.98310
999 _c31291
_d31291